[Event "Russian Women's Higher League 2021"]
[Site "?"]
[Date "2021.06.27"]
[Round "2.16"]
[White "Dordzhieva, Dinara"]
[Black "Mironenko, Galina"]
[Result "1-0"]
[WhiteElo "2311"]
[BlackElo "1952"]
[Annotator ""]
[Source ""]
[Remark ""]

1.d4 {[%clk 1:30:54]} Nf6 {[%clk 1:30:50]} 2.c4 {[%clk 1:31:21]}
e6 {[%clk 1:31:13]} 3.Nc3 {[%clk 1:31:46]} d5 {[%clk 1:31:19]}
4.cxd5 {[%clk 1:32:09]} exd5 {[%clk 1:31:44]} 5.Bg5 {[%clk 1:32:27]}
c6 {[%clk 1:31:23]} 6.e3 {[%clk 1:32:47]} h6 {[%clk 1:31:06]}
7.Bh4 {[%clk 1:33:10]} Be7 {[%clk 1:29:27]} 8.Bd3 {[%clk 1:33:34]}
Ne4 {[%clk 1:26:38]} 9.Bxe7 {[%clk 1:31:04]} Qxe7 {[%clk 1:26:49]}
10.Qc2 {[%clk 1:29:30]} Bf5 {[%clk 1:18:27]} 11.Nf3 {[%clk 1:21:54]}
Nd7 {[%clk 1:16:26]} 12.O-O {[%clk 1:18:06]} O-O {[%clk 1:15:59]}
13.Rab1 {[%clk 1:16:10]} Rfe8 {[%clk 1:05:54]} 14.b4 {[%clk 1:14:25]}
Rac8 {[%clk 1:01:50]} 15.Rfc1 {[%clk 1:10:12]} Nxc3 {[%clk 0:56:08]}
16.Qxc3 {[%clk 1:10:23]} Bxd3 {[%clk 0:56:20]} 17.Qxd3 {[%clk 1:10:49]}
Qd6 {[%clk 0:54:33]} 18.a4 {[%clk 0:52:50]} b6 {[%clk 0:52:23]}
19.h3 {[%clk 0:50:31]} c5 {[%clk 0:46:16]} 20.bxc5 {[%clk 0:49:48]}
bxc5 {[%clk 0:46:39]} 21.Qa3 {[%clk 0:48:59]} Re6 {[%clk 0:34:00]}
22.dxc5 {[%clk 0:42:09]} Rxc5 {[%clk 0:32:40]} 23.Rxc5 {[%clk 0:40:26]}
Qxc5 {[%clk 0:31:32]} 24.Rb8+ {[%clk 0:40:20]} Kh7 {[%clk 0:31:22]}
25.Qd3+ {[%clk 0:40:46]} Rg6 {[%clk 0:18:13]} 26.Rb7 {[%clk 0:39:48]}
Qc1+ {[%clk 0:17:00]} 27.Qf1 {[%clk 0:40:13]} Qxf1+ {[%clk 0:11:29]}
28.Kxf1 {[%clk 0:40:13]} Nc5 29.Rxa7 {[%clk 0:40:13]} Rb6 30.Rxf7
{[%clk 0:31:33]} Rb1+ {[%clk 0:11:29]} 31.Ke2 {[%clk 0:31:58]}
Rb2+ {[%clk 0:11:31]} 32.Kd1 {[%clk 0:31:54]} Nxa4 {[%clk 0:10:23]}
33.Kc1 {[%clk 0:29:47]} Rb6 {[%clk 0:06:25]} 34.Rc7 {[%clk 0:26:18]}
Rg6 {[%clk 0:06:00]} 35.Nh4 {[%clk 0:25:43]} Rf6 {[%clk 0:05:53]}
36.f4 {[%clk 0:25:30]} Nb6 {[%clk 0:03:06]} 37.g4 {[%clk 0:19:45]}
Kg8 {[%clk 0:00:33]} 38.Nf5 {[%clk 0:19:07]} Rf7 {[%clk 0:00:38]}
39.Rxf7 {[%clk 0:19:22]} Kxf7 {[%clk 0:01:03]} 40.Kd2 {[%clk 0:49:48]}
Kf6 {[%clk 0:30:54]} 41.Kd3 {[%clk 0:49:37]} h5 {[%clk 0:28:45]}
42.Kd4 {[%clk 0:47:50]} hxg4 {[%clk 0:26:13]} 43.hxg4 {[%clk 0:48:18]}
g6 {[%clk 0:24:05]} 44.Nh4 {[%clk 0:44:57]} g5 {[%clk 0:13:23]}
45.Nf3 {[%clk 0:43:35]} gxf4 {[%clk 0:13:05]} 46.exf4 {[%clk 0:44:02]}
Ke6 {[%clk 0:11:35]} 47.Ne5 {[%clk 0:37:50]} Nc8 {[%clk 0:08:28]}
48.Nc6 {[%clk 0:36:15]} Nd6 {[%clk 0:06:05]} 49.Nd8+ {[%clk 0:35:30]}
Kf6 {[%clk 0:04:41]} 50.Kxd5 {[%clk 0:35:18]} Nb5 {[%clk 0:04:54]}
51.Nc6 {[%clk 0:35:11]} Nc3+ {[%clk 0:04:38]} 52.Kd4 {[%clk 0:35:21]}
Ne2+ {[%clk 0:04:30]} 53.Ke3 {[%clk 0:35:44]} Nc3 {[%clk 0:04:34]}
54.Nd4 {[%clk 0:36:02]} Nd5+ {[%clk 0:04:11]} 55.Kf3 {[%clk 0:36:29]}
Kg6 {[%clk 0:04:17]} 56.g5 {[%clk 0:35:47]} Kh5 {[%clk 0:04:07]}
57.Ke4 {[%clk 0:35:56]} Ne7 {[%clk 0:03:56]} 58.Nf3 {[%clk 0:34:45]}
Kg4 {[%clk 0:01:07]} 59.Ne5+ {[%clk 0:33:40]} Kh5 {[%clk 0:01:30]}
60.Nd7 {[%clk 0:28:35]} Kg6 {[%clk 0:00:54]} 61.Nf6 {[%clk 0:28:38]}
Nf5 {[%clk 0:00:36]} 62.Kf3 {[%clk 0:28:39]} Nd4+ {[%clk 0:00:33]}
63.Kg4 {[%clk 0:29:05]} Nf5 {[%clk 0:00:34]} 64.Nd5 {[%clk 0:29:22]}
Nd6 {[%clk 0:00:50]} 65.Ne3 {[%clk 0:29:35]} Nf7 {[%clk 0:00:56]}
66.f5+ {[%clk 0:29:50]} Kg7 {[%clk 0:01:19]} 67.g6 {[%clk 0:28:00]}
Ne5+ {[%clk 0:01:10]} 68.Kh5 {[%clk 0:28:22]} Nd3 {[%clk 0:00:54]}
69.Kg5 {[%clk 0:28:25]} Ne5 {[%clk 0:01:02]} 70.f6+ {[%clk 0:28:48]}
Kf8 {[%clk 0:01:02]} 71.Ng4 {[%clk 0:28:34]} Nf3+ {[%clk 0:00:58]}
72.Kf4 {[%clk 0:28:58]} Nh4 73.g7+ {[%clk 0:29:16]} Kf7 {[%clk 0:01:33]}
74.Nh6+ {[%clk 0:29:26]} Kxf6 {[%clk 0:01:57]} 75.g8Q {[%clk 0:29:47]}
Ng6+ {[%clk 0:02:20]} 76.Ke3 {[%clk 0:30:13]} Ne5 {[%clk 0:02:39]}
77.Ng4+ {[%clk 0:30:32]} 1-0

[Event "Russian Women's Higher League 2021"]
[Site "?"]
[Date "2021.06.27"]
[Round "2.17"]
[White "Karmanova, Olga Dm."]
[Black "Kovalevskaya, Ekaterina"]
[Result "1-0"]
[WhiteElo "2053"]
[BlackElo "2382"]
[Annotator ""]
[Source ""]
[Remark ""]

1.d4 {[%clk 1:30:57]} Nf6 {[%clk 1:30:41]} 2.c4 {[%clk 1:31:21]}
c5 {[%clk 1:31:07]} 3.d5 {[%clk 1:31:47]} b5 {[%clk 1:31:26]}
4.cxb5 {[%clk 1:32:13]} a6 {[%clk 1:31:40]} 5.bxa6 {[%clk 1:32:34]}
g6 {[%clk 1:31:58]} 6.Nc3 {[%clk 1:32:58]} Bxa6 {[%clk 1:32:21]}
7.e4 {[%clk 1:33:00]} Bxf1 {[%clk 1:32:44]} 8.Kxf1 {[%clk 1:33:27]}
d6 {[%clk 1:33:06]} 9.g3 {[%clk 1:33:41]} Bg7 {[%clk 1:33:28]}
10.Kg2 {[%clk 1:34:06]} O-O {[%clk 1:33:51]} 11.Nf3 {[%clk 1:34:16]}
Nbd7 {[%clk 1:33:08]} 12.a4 {[%clk 1:34:40]} Ng4 {[%clk 1:25:28]}
13.Qe2 {[%clk 1:28:41]} Qa5 {[%clk 1:13:53]} 14.Nd2 {[%clk 1:16:23]}
Ngf6 {[%clk 1:10:36]} 15.Nc4 {[%clk 1:11:45]} Qa6 {[%clk 1:10:46]}
16.Nb5 {[%clk 1:10:56]} Nb6 {[%clk 1:08:23]} 17.Nxb6 {[%clk 1:09:54]}
Qxb6 {[%clk 1:08:51]} 18.Bd2 {[%clk 1:07:55]} e6 {[%clk 0:59:26]}
19.Bc3 {[%clk 0:59:06]} exd5 {[%clk 0:53:28]} 20.exd5 {[%clk 0:59:22]}
Rfe8 {[%clk 0:36:55]} 21.Qf3 {[%clk 0:56:06]} Nd7 {[%clk 0:33:50]}
22.Bxg7 {[%clk 0:51:41]} Kxg7 {[%clk 0:34:18]} 23.b3 {[%clk 0:48:25]}
Re5 {[%clk 0:31:59]} 24.Rhd1 {[%clk 0:37:35]} Nf6 {[%clk 0:30:03]}
25.Ra2 {[%clk 0:27:07]} Rae8 {[%clk 0:22:27]} 26.Na3 {[%clk 0:17:31]}
Qb4 {[%clk 0:16:16]} 27.Nc2 {[%clk 0:13:53]} Qb7 {[%clk 0:10:47]}
28.Ne3 {[%clk 0:14:09]} Qb4 {[%clk 0:10:46]} 29.a5 {[%clk 0:10:04]}
c4 {[%clk 0:06:06]} 30.bxc4 {[%clk 0:09:17]} Ne4 {[%clk 0:06:14]}
31.Rd3 {[%clk 0:06:55]} Nc5 {[%clk 0:02:51]} 32.Rda3 {[%clk 0:06:21]}
h5 {[%clk 0:02:36]} 33.h4 {[%clk 0:04:54]} Qb1 {[%clk 0:01:41]}
34.Ra1 {[%clk 0:03:39]} Qb2 {[%clk 0:01:47]} 35.R3a2 {[%clk 0:03:01]}
Qb3 {[%clk 0:01:21]} 36.Ra3 {[%clk 0:01:32]} Qb2 {[%clk 0:01:43]}
37.R1a2 {[%clk 0:01:29]} Qb1 {[%clk 0:02:02]} 38.Qd1 {[%clk 0:01:42]}
Qe4+ {[%clk 0:01:42]} 39.f3 {[%clk 0:01:29]} Qxe3 {[%clk 0:02:06]}
40.Rxe3 {[%clk 0:31:55]} Rxe3 {[%clk 0:32:30]} 41.a6 {[%clk 0:25:53]}
R3e7 {[%clk 0:28:20]} 42.Qd4+ {[%clk 0:20:23]} f6 {[%clk 0:28:34]}
43.Qf4 {[%clk 0:12:28]} Nd3 {[%clk 0:20:13]} 44.Qd2 {[%clk 0:09:54]}
Nc5 {[%clk 0:20:37]} 45.a7 {[%clk 0:08:41]} Ra8 {[%clk 0:20:53]}
46.Qa5 {[%clk 0:08:37]} Rb7 {[%clk 0:20:55]} 47.g4 {[%clk 0:07:26]}
Kh6 {[%clk 0:14:06]} 48.gxh5 {[%clk 0:04:18]} gxh5 {[%clk 0:11:57]}
49.Qd2+ {[%clk 0:04:07]} Kg6 {[%clk 0:11:55]} 50.Qf4 {[%clk 0:03:09]}
Rbxa7 {[%clk 0:11:09]} 51.Rxa7 {[%clk 0:03:25]} Rxa7 {[%clk 0:11:35]}
52.Qg3+ {[%clk 0:03:39]} Kf7 {[%clk 0:10:15]} 53.Qxd6 {[%clk 0:04:03]}
Nd3 {[%clk 0:10:31]} 54.c5 {[%clk 0:00:44]} Ra2+ {[%clk 0:08:19]}
55.Kf1 {[%clk 0:01:11]} Rf2+ {[%clk 0:06:11]} 56.Kg1 {[%clk 0:01:37]}
Rd2 {[%clk 0:03:38]} 57.c6 {[%clk 0:00:59]} Ne5 {[%clk 0:03:59]}
58.c7 {[%clk 0:00:50]} Nxf3+ {[%clk 0:02:49]} 59.Kf1 {[%clk 0:01:17]}
Nh2+ {[%clk 0:02:37]} 60.Kg1 {[%clk 0:01:04]} Nf3+ {[%clk 0:03:00]}
61.Kh1 {[%clk 0:01:23]} Rd1+ {[%clk 0:02:59]} 62.Kg2 {[%clk 0:01:50]}
Nxh4+ {[%clk 0:03:22]} 63.Kf2 {[%clk 0:02:15]} Rd2+ {[%clk 0:03:29]}
64.Kf1 {[%clk 0:02:16]} Rc2 {[%clk 0:03:38]} 65.c8Q {[%clk 0:02:25]}
Rxc8 {[%clk 0:04:01]} 66.Qe6+ {[%clk 0:02:51]} Kg6 {[%clk 0:04:27]}
67.Qxc8 {[%clk 0:03:17]} Nf5 {[%clk 0:04:53]} 68.Qg8+ {[%clk 0:03:36]}
Kh6 {[%clk 0:05:19]} 69.d6 {[%clk 0:03:56]} 1-0

[Event "Russian Women's Higher League 2021"]
[Site "?"]
[Date "2021.06.27"]
[Round "2.18"]
[White "Kuznetsova, Marina"]
[Black "Voit, Daria"]
[Result "0-1"]
[WhiteElo "1964"]
[BlackElo "2354"]
[Annotator ""]
[Source ""]
[Remark ""]

1.e4 {[%clk 1:30:58]} c6 {[%clk 1:30:58]} 2.d4 {[%clk 1:31:20]}
d5 {[%clk 1:31:26]} 3.exd5 {[%clk 1:31:43]} cxd5 {[%clk 1:31:54]}
4.Bd3 {[%clk 1:32:05]} Nc6 {[%clk 1:32:01]} 5.c3 {[%clk 1:32:27]}
Qc7 {[%clk 1:32:06]} 6.h3 {[%clk 1:32:41]} g6 {[%clk 1:30:35]}
7.Nf3 {[%clk 1:32:27]} Bf5 {[%clk 1:30:36]} 8.O-O {[%clk 1:32:15]}
Nf6 {[%clk 1:29:35]} 9.Na3 {[%clk 1:30:04]} a6 {[%clk 1:26:26]}
10.Nc2 {[%clk 1:29:00]} Bg7 {[%clk 1:14:46]} 11.Nce1 {[%clk 1:22:52]}
Be4 {[%clk 0:51:04]} 12.Qe2 {[%clk 1:09:56]} O-O {[%clk 0:34:50]}
13.Ne5 {[%clk 1:01:09]} Nxe5 {[%clk 0:30:21]} 14.dxe5 {[%clk 1:01:18]}
Bxd3 {[%clk 0:30:21]} 15.Nxd3 {[%clk 1:01:31]} Ne4 {[%clk 0:30:12]}
16.Bf4 {[%clk 0:58:49]} e6 {[%clk 0:24:31]} 17.Qe3 {[%clk 0:47:10]}
Rfc8 {[%clk 0:22:34]} 18.Rad1 {[%clk 0:41:09]} b5 {[%clk 0:22:37]}
19.a3 {[%clk 0:41:09]} a5 {[%clk 0:22:37]} 20.Rfe1 {[%clk 0:38:04]}
Nc5 {[%clk 0:20:33]} 21.Bh6 {[%clk 0:34:43]} Bh8 {[%clk 0:19:24]}
22.Nxc5 {[%clk 0:32:37]} Qxc5 {[%clk 0:19:51]} 23.Rd4 {[%clk 0:26:41]}
Rab8 {[%clk 0:13:16]} 24.Qf4 {[%clk 0:26:41]} Qa7 {[%clk 0:13:16]}
25.Bg5 {[%clk 0:18:13]} Bg7 {[%clk 0:08:59]} 26.Qh4 {[%clk 0:13:06]}
Rc4 {[%clk 0:08:38]} 27.Be7 {[%clk 0:06:52]} Rbc8 {[%clk 0:08:32]}
28.Bd6 {[%clk 0:02:09]} h6 {[%clk 0:04:56]} 29.Red1 {[%clk 0:01:02]}
Qd7 {[%clk 0:04:04]} 30.f4 {[%clk 0:00:49]} Qe8 {[%clk 0:03:29]}
31.Qg3 {[%clk 0:00:44]} Bf8 {[%clk 0:03:52]} 32.Bxf8 {[%clk 0:00:44]}
Kxf8 {[%clk 0:02:46]} 33.f5 {[%clk 0:00:39]} gxf5 {[%clk 0:02:43]}
34.Qh4 {[%clk 0:00:57]} Kg7 {[%clk 0:03:09]} 35.Qf6+ {[%clk 0:00:43]}
Kh7 {[%clk 0:03:35]} 36.R1d3 {[%clk 0:00:51]} Qg8 {[%clk 0:03:19]}
37.Kh2 {[%clk 0:00:51]} Qg7 {[%clk 0:03:25]} 38.Qxg7+ {[%clk 0:00:35]}
Kxg7 {[%clk 0:03:53]} 39.Kg3 {[%clk 0:00:38]} Rxd4 {[%clk 0:03:07]}
40.cxd4 {[%clk 0:30:37]} a4 41.b4 {[%clk 0:18:05]} Rc2 {[%clk 0:31:40]}
42.Kf3 {[%clk 0:09:43]} f6 {[%clk 0:25:56]} 43.exf6+ {[%clk 0:05:46]}
Kxf6 {[%clk 0:26:23]} 44.g4 {[%clk 0:05:23]} Rh2 {[%clk 0:22:09]}
45.Kf4 {[%clk 0:04:41]} Re2 {[%clk 0:22:23]} 46.gxf5 {[%clk 0:02:53]}
Re4+ {[%clk 0:22:37]} 47.Kg3 {[%clk 0:02:39]} Kxf5 {[%clk 0:22:34]}
48.Rf3+ {[%clk 0:02:57]} Kg5 {[%clk 0:22:33]} 49.Rd3 {[%clk 0:02:42]}
h5 {[%clk 0:22:48]} 50.Kf3 {[%clk 0:02:29]} Rf4+ {[%clk 0:22:21]}
51.Ke3 {[%clk 0:01:46]} Rh4 {[%clk 0:21:26]} 52.Ke2 {[%clk 0:01:21]}
Kf5 {[%clk 0:21:39]} 53.Rf3+ {[%clk 0:00:33]} Ke4 {[%clk 0:21:12]}
54.Rd3 {[%clk 0:00:59]} Rf4 {[%clk 0:21:31]} 55.Rc3 {[%clk 0:00:52]}
Kxd4 {[%clk 0:21:42]} 56.Rc5 {[%clk 0:01:16]} Rh4 {[%clk 0:22:05]}
57.Rxb5 {[%clk 0:01:37]} Rxh3 {[%clk 0:22:32]} 58.Rb6 {[%clk 0:01:23]}
e5 {[%clk 0:22:57]} 59.b5 {[%clk 0:01:11]} Rxa3 {[%clk 0:22:57]}
60.Ra6 {[%clk 0:01:28]} e4 {[%clk 0:23:06]} 61.b6 {[%clk 0:01:36]}
Ra2+ {[%clk 0:23:23]} 62.Kf1 {[%clk 0:01:29]} Ke5 {[%clk 0:22:57]}
63.Ra7 {[%clk 0:01:06]} Rb2 {[%clk 0:23:19]} 64.b7 {[%clk 0:01:05]}
h4 {[%clk 0:23:38]} 65.Kg1 {[%clk 0:00:55]} a3 {[%clk 0:23:33]} 0-1

[Event "Russian Women's Higher League 2021"]
[Site "?"]
[Date "2021.06.27"]
[Round "2.19"]
[White "Dimitrova, Aleksandra"]
[Black "Nikolaeva, Nadezhda"]
[Result "1-0"]
[WhiteElo "2204"]
[BlackElo "1839"]
[Annotator ""]
[Source ""]
[Remark ""]

1.e4 {[%clk 1:30:56]} c5 {[%clk 1:30:57]} 2.Nf3 {[%clk 1:31:19]}
d6 {[%clk 1:31:21]} 3.d4 {[%clk 1:31:44]} cxd4 {[%clk 1:31:45]}
4.Nxd4 {[%clk 1:32:11]} Nf6 {[%clk 1:32:04]} 5.Nc3 {[%clk 1:32:32]}
Nc6 {[%clk 1:32:24]} 6.Bg5 {[%clk 1:32:44]} e6 {[%clk 1:32:41]}
7.Qd2 {[%clk 1:33:03]} Be7 {[%clk 1:33:01]} 8.O-O-O {[%clk 1:33:12]}
O-O {[%clk 1:33:19]} 9.f4 {[%clk 1:33:26]} h6 {[%clk 1:33:27]}
10.Bh4 {[%clk 1:33:22]} e5 {[%clk 1:33:07]} 11.Nf5 {[%clk 1:32:59]}
Bxf5 {[%clk 1:32:55]} 12.exf5 {[%clk 1:33:21]} exf4 {[%clk 1:33:08]}
13.Kb1 {[%clk 1:31:53]} d5 {[%clk 1:32:52]} 14.Bxf6 {[%clk 1:32:08]}
Bxf6 {[%clk 1:33:11]} 15.Nxd5 {[%clk 1:32:28]} Be5 {[%clk 1:33:32]}
16.Bc4 {[%clk 1:32:40]} Qh4 {[%clk 1:31:10]} 17.Bb3 {[%clk 1:19:44]}
Rad8 {[%clk 1:22:30]} 18.g3 {[%clk 1:13:55]} Qg5 {[%clk 0:58:02]}
19.gxf4 {[%clk 1:09:05]} Bxf4 {[%clk 0:58:17]} 20.Qxf4 {[%clk 0:43:42]}
Rxd5 {[%clk 0:56:45]} 21.Qxg5 {[%clk 0:43:58]} Rxd1+ {[%clk 0:57:09]}
22.Rxd1 {[%clk 0:44:22]} hxg5 {[%clk 0:57:34]} 23.Rd7 {[%clk 0:43:37]}
Rd8 {[%clk 0:56:30]} 24.Bxf7+ {[%clk 0:41:04]} Kf8 {[%clk 0:56:54]}
25.Rxd8+ {[%clk 0:36:16]} Nxd8 {[%clk 0:57:19]} 26.Bd5 {[%clk 0:34:14]}
Ke7 {[%clk 0:57:38]} 27.Kc1 {[%clk 0:30:57]} Kd6 {[%clk 0:57:51]}
28.c4 {[%clk 0:29:25]} Ke5 {[%clk 0:56:33]} 29.Kd2 {[%clk 0:28:59]}
Kxf5 {[%clk 0:56:16]} 30.Ke3 {[%clk 0:26:50]} g4 {[%clk 0:56:01]}
31.Kd4 {[%clk 0:21:03]} g5 {[%clk 0:50:31]} 32.b4 {[%clk 0:17:50]}
Kf6 {[%clk 0:43:21]} 33.b5 {[%clk 0:13:20]} Ne6+ {[%clk 0:28:39]}
34.Bxe6 {[%clk 0:13:32]} Kxe6 {[%clk 0:28:57]} 35.c5 {[%clk 0:13:27]}
a5 {[%clk 0:26:47]} 36.a4 {[%clk 0:11:58]} Ke7 {[%clk 0:25:29]}
37.Kd5 {[%clk 0:11:48]} Kd7 {[%clk 0:25:46]} 38.b6 {[%clk 0:11:01]}
g3 {[%clk 0:22:07]} 39.hxg3 {[%clk 0:11:26]} g4 {[%clk 0:22:34]}
40.c6+ {[%clk 0:41:09]} bxc6+ {[%clk 0:52:40]} 41.Kc5 {[%clk 0:41:35]}
Kd8 {[%clk 0:52:45]} 42.Kxc6 {[%clk 0:41:49]} Kc8 {[%clk 0:53:05]}
43.Kb5 {[%clk 0:42:10]} 1-0

[Event "Russian Women's Higher League 2021"]
[Site "?"]
[Date "2021.06.27"]
[Round "2.20"]
[White "Tokmakova, Ulyana"]
[Black "Getman, Tatyana"]
[Result "1-0"]
[WhiteElo "1887"]
[BlackElo "2201"]
[Annotator ""]
[Source ""]
[Remark ""]

1.c4 {[%clk 1:30:56]} e6 {[%clk 1:30:53]} 2.Nf3 {[%clk 1:31:18]}
d5 {[%clk 1:31:13]} 3.b3 {[%clk 1:31:43]} Be7 {[%clk 1:27:09]}
4.Bb2 {[%clk 1:30:54]} Bf6 {[%clk 1:27:21]} 5.Bxf6 {[%clk 1:25:55]}
Nxf6 {[%clk 1:26:17]} 6.e3 {[%clk 1:25:20]} O-O {[%clk 1:23:49]}
7.Be2 {[%clk 1:24:12]} dxc4 {[%clk 1:20:38]} 8.bxc4 {[%clk 1:24:01]}
c5 {[%clk 1:19:36]} 9.O-O {[%clk 1:23:40]} b6 {[%clk 1:14:32]}
10.Nc3 {[%clk 1:21:21]} Bb7 {[%clk 1:10:45]} 11.d4 {[%clk 1:20:38]}
cxd4 {[%clk 1:08:55]} 12.exd4 {[%clk 1:21:01]} Nc6 {[%clk 0:58:23]}
13.Qd2 {[%clk 1:19:19]} Rc8 {[%clk 0:56:19]} 14.Rad1 {[%clk 1:12:07]}
Na5 {[%clk 0:53:37]} 15.Ne5 {[%clk 1:11:13]} Nd7 {[%clk 0:52:06]}
16.Qf4 {[%clk 1:09:06]} a6 {[%clk 0:40:47]} 17.Nxd7 {[%clk 1:02:03]}
Qxd7 {[%clk 0:41:06]} 18.d5 {[%clk 1:00:42]} b5 {[%clk 0:29:26]}
19.Rfe1 {[%clk 0:59:45]} e5 {[%clk 0:26:50]} 20.Qxe5 {[%clk 0:57:31]}
Nxc4 {[%clk 0:27:03]} 21.Bxc4 {[%clk 0:55:41]} Rxc4 {[%clk 0:26:33]}
22.d6 {[%clk 0:54:25]} h6 {[%clk 0:19:22]} 23.Nd5 {[%clk 0:51:20]}
Bxd5 {[%clk 0:19:19]} 24.Qxd5 {[%clk 0:51:30]} Kh7 {[%clk 0:16:04]}
25.Re7 {[%clk 0:49:59]} Qg4 {[%clk 0:14:45]} 26.d7 {[%clk 0:42:46]}
Rd8 {[%clk 0:14:38]} 27.h3 {[%clk 0:40:47]} Qf4 28.Re8 {[%clk 0:40:47]}
Qf6 29.Rxd8 {[%clk 0:40:47]} Qxd8 30.Qxf7 {[%clk 0:40:47]} 1-0

[Event "Russian Women's Higher League 2021"]
[Site "?"]
[Date "2021.06.27"]
[Round "2.21"]
[White "Yakimova, Mariya"]
[Black "Baisheva, Nyurguiaana"]
[Result "1-0"]
[WhiteElo "2200"]
[BlackElo "1782"]
[Annotator ""]
[Source ""]
[Remark ""]

1.d4 {[%clk 1:30:57]} Nf6 {[%clk 1:30:55]} 2.c4 {[%clk 1:31:24]}
e6 {[%clk 1:31:21]} 3.Nf3 {[%clk 1:31:52]} d5 {[%clk 1:31:39]}
4.g3 {[%clk 1:30:23]} dxc4 {[%clk 1:31:38]} 5.Bg2 {[%clk 1:30:41]}
a6 {[%clk 1:32:03]} 6.O-O {[%clk 1:31:01]} Nc6 {[%clk 1:32:02]}
7.e3 {[%clk 1:31:20]} Rb8 {[%clk 1:31:39]} 8.Nfd2 {[%clk 1:31:31]}
Bd7 {[%clk 1:26:25]} 9.Nxc4 {[%clk 1:28:23]} Be7 {[%clk 1:26:33]}
10.Nc3 {[%clk 1:24:51]} O-O {[%clk 1:26:40]} 11.Qe2 {[%clk 1:01:18]}
Bb4 {[%clk 1:19:40]} 12.Rd1 {[%clk 0:56:48]} Bxc3 {[%clk 1:18:27]}
13.bxc3 {[%clk 0:57:15]} Nd5 {[%clk 1:18:44]} 14.Bd2 {[%clk 0:53:11]}
b5 {[%clk 1:15:27]} 15.Nb2 {[%clk 0:53:26]} Na5 {[%clk 1:11:20]}
16.c4 {[%clk 0:46:43]} Nxc4 {[%clk 1:11:35]} 17.Nxc4 {[%clk 0:47:09]}
bxc4 {[%clk 1:12:00]} 18.Qxc4 {[%clk 0:47:33]} Bb5 {[%clk 1:12:13]}
19.Qc5 {[%clk 0:47:36]} Ba4 {[%clk 1:02:07]} 20.Rdb1 {[%clk 0:47:12]}
c6 {[%clk 1:00:24]} 21.e4 {[%clk 0:41:44]} Nf6 {[%clk 0:58:27]}
22.Ba5 {[%clk 0:41:52]} Qc8 {[%clk 0:56:51]} 23.Qc4 {[%clk 0:38:42]}
Bb5 {[%clk 0:56:48]} 24.Qc2 {[%clk 0:39:07]} c5 {[%clk 0:54:42]}
25.a4 {[%clk 0:34:56]} Bc6 {[%clk 0:53:49]} 26.dxc5 {[%clk 0:34:59]}
Rxb1+ {[%clk 0:52:16]} 27.Rxb1 {[%clk 0:35:26]} Qd7 {[%clk 0:52:35]}
28.Rb4 {[%clk 0:35:25]} h6 {[%clk 0:51:06]} 29.Bf1 {[%clk 0:25:12]}
Ra8 {[%clk 0:50:00]} 30.Bd3 {[%clk 0:22:49]} Ng4 {[%clk 0:47:38]}
31.Be2 {[%clk 0:21:29]} Nf6 {[%clk 0:46:43]} 32.Bd3 {[%clk 0:18:35]}
h5 {[%clk 0:44:38]} 33.Qb3 {[%clk 0:16:25]} Ng4 {[%clk 0:42:36]}
34.f3 {[%clk 0:07:21]} Ne5 {[%clk 0:41:15]} 35.Bc2 {[%clk 0:07:22]}
Kh7 {[%clk 0:39:11]} 36.Qc3 {[%clk 0:06:24]} f6 {[%clk 0:39:03]}
37.Kf2 {[%clk 0:04:15]} Nf7 {[%clk 0:37:59]} 38.Rd4 {[%clk 0:02:59]}
Qc8 {[%clk 0:37:18]} 39.e5+ {[%clk 0:01:14]} f5 {[%clk 0:37:02]}
40.Rh4 {[%clk 0:31:24]} g6 {[%clk 1:01:16]} 41.g4 {[%clk 0:24:27]}
fxg4 {[%clk 0:56:05]} 42.Qd3 {[%clk 0:14:02]} Nh8 {[%clk 0:52:50]}
43.Rxh5+ {[%clk 0:12:49]} Kg7 {[%clk 0:53:11]} 44.Rg5 {[%clk 0:09:12]}
Be8 {[%clk 0:43:07]} 45.Bb6 {[%clk 0:08:06]} Rb8 {[%clk 0:38:36]}
46.Rxg4 {[%clk 0:08:23]} Qb7 {[%clk 0:37:53]} 47.Qd6 {[%clk 0:05:55]}
Bf7 {[%clk 0:38:00]} 48.a5 {[%clk 0:05:14]} Rc8 {[%clk 0:37:03]}
49.Be4 {[%clk 0:05:38]} Qb8 {[%clk 0:37:30]} 50.Qxb8 {[%clk 0:05:51]}
Rxb8 {[%clk 0:37:56]} 51.c6 {[%clk 0:06:09]} Be8 {[%clk 0:38:16]}
52.c7 {[%clk 0:06:31]} Rc8 {[%clk 0:38:44]} 53.Bb7 {[%clk 0:06:56]}
Bd7 {[%clk 0:39:11]} 54.Rd4 {[%clk 0:07:17]} 1-0

[Event "Russian Women's Higher League 2021"]
[Site "?"]
[Date "2021.06.27"]
[Round "2.22"]
[White "Plekhanova, Ekaterina"]
[Black "Loskutova, Viktoriya"]
[Result "0-1"]
[WhiteElo "1858"]
[BlackElo "2188"]
[Annotator ""]
[Source ""]
[Remark ""]

1.e4 {[%clk 1:30:59]} c5 {[%clk 1:30:56]} 2.Nf3 {[%clk 1:31:23]}
d6 {[%clk 1:31:22]} 3.d4 {[%clk 1:31:49]} cxd4 {[%clk 1:31:47]}
4.Nxd4 {[%clk 1:32:15]} Nf6 {[%clk 1:32:11]} 5.Nc3 {[%clk 1:32:39]}
a6 {[%clk 1:32:37]} 6.Be2 {[%clk 1:32:59]} e5 {[%clk 1:33:00]}
7.Nb3 {[%clk 1:33:23]} Be7 {[%clk 1:33:24]} 8.O-O {[%clk 1:33:44]}
O-O {[%clk 1:33:50]} 9.Qd3 {[%clk 1:26:04]} Be6 {[%clk 1:33:22]}
10.Bd2 {[%clk 1:26:05]} Nbd7 {[%clk 1:22:05]} 11.Nd5 {[%clk 1:24:23]}
Bxd5 {[%clk 1:22:30]} 12.exd5 {[%clk 1:24:47]} b6 {[%clk 1:18:12]}
13.Rad1 {[%clk 1:19:11]} Ne8 {[%clk 1:08:44]} 14.f4 {[%clk 1:10:02]}
g6 {[%clk 1:00:47]} 15.fxe5 {[%clk 0:54:52]} Nxe5 {[%clk 0:52:45]}
16.Qg3 {[%clk 0:45:47]} Ng7 {[%clk 0:43:47]} 17.Nd4 {[%clk 0:33:31]}
h5 {[%clk 0:34:21]} 18.Bh6 {[%clk 0:24:32]} h4 {[%clk 0:29:24]}
19.Qe3 Kh7 {[%clk 0:20:12]} 20.Bf4 {[%clk 0:14:34]} Qc7 {[%clk 0:18:29]}
21.Kh1 {[%clk 0:13:41]} Bf6 {[%clk 0:08:52]} 22.Bg5 {[%clk 0:12:48]}
Bxg5 {[%clk 0:08:59]} 23.Qxg5 {[%clk 0:13:11]} Qd8 {[%clk 0:09:27]}
24.Qxd8 {[%clk 0:06:31]} Rfxd8 {[%clk 0:09:49]} 25.Rf4 {[%clk 0:06:14]}
g5 {[%clk 0:06:05]} 26.Rf6 {[%clk 0:05:32]} Ne8 {[%clk 0:05:00]}
27.Rf2 {[%clk 0:05:55]} Ra7 {[%clk 0:03:46]} 28.Rdf1 {[%clk 0:03:43]}
Kg6 {[%clk 0:02:54]} 29.Nc6 {[%clk 0:03:04]} Nxc6 {[%clk 0:02:42]}
30.dxc6 {[%clk 0:03:29]} Rc8 {[%clk 0:01:15]} 31.Bd3+ {[%clk 0:03:44]}
Kg7 {[%clk 0:01:37]} 32.Rf5 {[%clk 0:02:11]} f6 {[%clk 0:01:53]}
33.Be4 {[%clk 0:02:16]} Re7 {[%clk 0:01:38]} 34.Bf3 {[%clk 0:01:47]}
Kg6 {[%clk 0:01:10]} 35.Rd5 {[%clk 0:02:01]} f5 {[%clk 0:01:08]}
36.Bd1 {[%clk 0:01:21]} Re5 {[%clk 0:01:11]} 37.Rd2 {[%clk 0:00:49]}
Rxc6 {[%clk 0:01:24]} 38.c3 {[%clk 0:00:56]} Nf6 {[%clk 0:00:47]}
39.Bc2 {[%clk 0:00:49]} Ne4 {[%clk 0:01:07]} 40.Rd4 {[%clk 0:30:57]}
d5 {[%clk 0:31:01]} 41.Bb3 {[%clk 0:30:43]} Rc5 {[%clk 0:24:04]}
42.Kg1 {[%clk 0:30:00]} Nf6 {[%clk 0:23:16]} 43.Rd2 {[%clk 0:23:14]}
Ng4 {[%clk 0:21:33]} 44.Rfd1 {[%clk 0:22:38]} Ne3 {[%clk 0:21:07]}
45.Re1 {[%clk 0:22:33]} Kf6 {[%clk 0:20:18]} 46.h3 {[%clk 0:20:40]}
Nc4 {[%clk 0:16:59]} 47.Rxe5 {[%clk 0:18:19]} Nxd2 {[%clk 0:16:19]}
48.Re8 {[%clk 0:17:43]} Nxb3 {[%clk 0:11:50]} 49.axb3 {[%clk 0:18:05]}
a5 {[%clk 0:11:51]} 50.Kf2 {[%clk 0:18:05]} Rb5 {[%clk 0:12:11]}
51.Kf3 {[%clk 0:16:00]} Rxb3 {[%clk 0:12:16]} 52.Rf8+ {[%clk 0:16:24]}
Kg6 {[%clk 0:12:05]} 53.Rg8+ {[%clk 0:16:43]} Kh6 {[%clk 0:12:10]}
54.Rf8 {[%clk 0:16:26]} Rxb2 {[%clk 0:12:12]} 55.Rxf5 {[%clk 0:16:49]}
a4 {[%clk 0:09:30]} 56.Rxd5 {[%clk 0:16:51]} a3 {[%clk 0:09:49]}
57.Rd4 {[%clk 0:17:08]} Rb5 {[%clk 0:09:59]} 58.Rd2 {[%clk 0:16:47]}
Rb3 {[%clk 0:10:06]} 59.Rc2 {[%clk 0:17:05]} Rb2 {[%clk 0:09:48]}
60.Rc1 {[%clk 0:17:05]} a2 {[%clk 0:10:14]} 0-1